Score 0/110 Timer 15:00
0 Plays Today
Español Inglés % Correct
ReuniónReunion
80%
La Ciudad De Los ÁngelesCity Of
60%
DarlaDarla
60%
RedefiniciónRedefinition
60%
BenediciónBenediction
60%
MañanaTomorrow
60%
SupersimetríaSupersymmetry
60%
Sentido y SensibilidadSense and Sensitivity
50%
HéroeHero
50%
EllaShe
50%
SantuarioSanctuary
50%
Shansu En Los ÁngelesTo Shanshu In L.A.
50%
El Sudario De RahmonThe Shroud of Rahmon
50%
Feliz AniversarioHappy Anniversary
50%
EpifaníaEpiphany
50%
Carpe NoctemCarpe Noctem
50%
Sin FredFredless
50%
Billy Billy
50%
PapáDad
50%
Doble O NadaDouble Or Nothing
50%
Un Nuevo MundoA New World
50%
La Casa Siempre GanaThe House Always Wins
50%
La Bala MágicaThe Magic Bullet
50%
DestinoDestiny
50%
OrigenOrigin
50%
La Chica En CuestiónThe Girl In Question
50%
Hecho PedazosI Fall To Pieces
40%
Habitación Con VistasRm w|a vu
40%
Te RecordaréI Will Remember You
40%
SonámbuloSomnambulist
40%
El Hijo PródigoThe Prodigal
40%
EternidadEternity
40%
Zona De GuerraWar Zone
40%
La Delgada Linea De La MuerteThe Thin Dead Line
40%
DiscordíaDisharmony
40%
Las VisionesThat Vision Thing
40%
Mi Vieja BandaThat Old Gang Of Mine
40%
Español Inglés % Correct
CumpleañosBirthday
40%
En Las ProfundidadesDeep Down
40%
El Hechizo De La BotellaSpin The Bottle
40%
ApocalipsisApocalypse, Nowish
40%
El DespertarAwakening
40%
Sin AlmaSoulless
40%
CalvarioCalvary
40%
SalvamentoSalvage
40%
OrfeoOrpheus
40%
SacrificioSacrifice
40%
ConvicciónConviction
40%
Justa RecompensaJust Rewards
40%
El Alma De Las FiestasLife Of The Party
40%
El Cuento Preventivo Del Número CincoThe Cautionary Tale Of Numero Cinco
40%
Corazones SolitariosLonely Hearts
30%
En La OscuridadIn The Dark
30%
Despedida de SolteroThe Bachelor Party
30%
Regalos De DespedidaParting Gifts
30%
EncintaExpecting
30%
Bajo Mi PielI've Got You Under My Skin
30%
Cita A CiegasBlind Date
30%
El JuicioJudgment
30%
Sombras Del PasadoAre You Now Or Have You Ever Been
30%
Primeras ImpresionesFirst Impressions
30%
IntactoUntouched
30%
Querido NiñoDear Boy
30%
Tú No Eres ÁngelGuise Will Be Guise
30%
La PruebaThe Trial
30%
Dinero SucioBlood Money
30%
RepeticiónReprise
30%
Punto MuertoDead End
30%
El PortalBelonging
30%
A Través Del EspejoThrough The Looking Glass
30%
AcelerandoQuickening
30%
El Dinero No Es TodoProvider
30%
PareadoCouplet
30%
LealtadLoyalty
30%
Español Inglés % Correct
Que Duermas BienSleep Tight
30%
PerdónForgiving
30%
El PrecioThe Price
30%
Estado TerrenalGround State
30%
Muertos VivientesHabeas Corpses
30%
El Largo ViajeLong Days' Journey
30%
LiberaciónRelease
30%
JugadoresPlayers
30%
De Adentro Hacia AfueraInside Out
30%
Adiós A La PazPeace Out
30%
HogarHome
30%
LiberadaUnleashed
30%
Camino Al InfiernoHell Bound
30%
Una Rubia PeligrosaHarm's Way
30%
Porque LuchamosWhy We Fight
30%
La SonrisaSmile Time
30%
Un Hueco En el MundoA Hole In The World
30%
Bajo La SuperficieUnderneath
30%
La BombaTime Bomb
30%
No Te DesvanezcasNot Fade Away
30%
Combate A MuerteThe Ring
20%
La AsesinaFive By Five
20%
Otra DimensiónOver The Rainbow
20%
Al Otro Lado Del PortalThere's No Place Like Plrtz Glrb
20%
El AmorHeartthrob
20%
El VástagoOffspring
20%
Una NanaLullaby
20%
Al MargenWaiting In The Wings
20%
Sin RecuerdosSlouching Toward Bethlehem
20%
El NacimientoShiny Happy People
20%
EstirpeLineage
20%
Propósito De EnmiendaSoul Purpose
20%
TocadoDamage
20%
El DespertarYou're Welcome
20%
La PortadoraShells
20%
La Jugada MaestraPower Play
20%

You're not logged in!

Compare scores with friends on all Sporcle quizzes.
OR
Log In

Sporcle TV

Today on Sporcle TV


Watch our educational content, quiz creation guides, and fun videos on Sporcle TV.

Show Comments

Extras

Top Quizzes Today


Score Distribution

Paid Content

Your Account Isn't Verified!

In order to create a playlist on Sporcle, you need to verify the email address you used during registration. Go to your Sporcle Settings to finish the process.

Report this User

Report this user for behavior that violates our Community Guidelines.

Details: